书目信息 |
| 题名: |
北方果树修剪技术
|
|
| 作者: | ;河北省果树研究所 编著 | |
| 分册: | ||
| 出版信息: | 北京 农业出版社 1966 |
|
| 页数: | 234页 | |
| 开本: | 20cm | |
| 丛书名: | ||
| 单 册: | ||
| 中图分类: | S66 | |
| 科图分类: | ||
| 主题词: | 果树园艺 | |
| 电子资源: | ||
| ISBN: | ||
| 000 | 00563nam0 2200181 450 | |
| 001 | 0659346074 | |
| 005 | 20060801162940.29 | |
| 010 | @dCNY0.70 | |
| 100 | @a20060801d1966 km y0chiy0120 ea | |
| 101 | 0 | @achi |
| 200 | 1 | @a北方果树修剪技术@Abei fang guo shu xiu jian ji shu@f河北省果树研究所 编著@Fhe bei sheng guo shu yan jiu suo bian zhu |
| 210 | @a北京@c农业出版社@d1966 | |
| 215 | @a234页@d20cm | |
| 606 | 0 | @a果树园艺 |
| 690 | @aS66@v3 | |
| 711 | 0 | @a河北省果树研究所@Ahe bei sheng guo shu yan jiu suo@4编著 |
| 801 | 0 | @aCN@bPFT@c20060801 |
| 905 | @a10447@dS66@e116 | |
| 北方果树修剪技术/河北省果树研究所 编著.-北京:农业出版社,1966 |
| 234页;20cm |
| ISBN :CNY0.70 |
| ● |
| 相关链接 |
|
|
|
|
正题名:北方果树修剪技术
索取号:S66/116
 
预约/预借
| 序号 | 登录号 | 条形码 | 馆藏地/架位号 | 状态 | 备注 |
| 1 | 0439336 | 204393361 | 密集书库/ [索取号:S66/116] | 在馆 |